Hospodářský systém v zemích RVHP

Enregistré dans:
Détails bibliographiques
Auteur principal: Čípek, Karel
Format: Livre
Langue:tchèque
Publié: Praha Horizont 1971
Tags: Ajouter un tag
Pas de tags, Soyez le premier à ajouter un tag!

MARC

LEADER 00000nam a2200000 4500
001 c121925
005 20041019155223.8
041 0 |a cze 
044 |a CZ 
245 1 0 |a Hospodářský systém v zemích RVHP  |c Karel Čípek 
264 1 |a Praha  |b Horizont  |c 1971 
300 |a 38 s. 
100 1 |a Čípek, Karel